000 01362nam a22003977a 4500
001 BR8103017
003 BR-BrBNA
005 20230928090951.0
007 ta
008 230509b bl.||||| |||| 00| 0 por d
040 _aBR-BrBNA
_bpor
_cBiblioteca Nacional de Agricultura
041 _a(Por)
072 _aF00
_b0230
_b/G514
090 _ 0230 BR8103017
100 1 _aMendonca, F.J.
100 1 _aLee, D.C.L.
100 1 _aTardin, A.T.
100 1 _aShimabukuro, Y.E.
100 1 _aChen, S.C.
100 1 _aLucht, L.A.M.
100 1 _aMoreira, M.A.
100 1 _aLima, A.M. DE
100 1 _aMaia, F.C.S.
110 1 _aInstituto de Pesquisas Espaciais, Sao Jose dos Campos, SP (Brasil)
245 1 _aLevantamento da area canavieira do Estado de Sao Paulo, utilizando dados do Landsat ano safra 1979/80 [Saccharum spp; Brasil]
_bINPE-2021-RPE/288
246 1 _a[Survey of the sugarcane area of the State of Sao Paulo, using Landsat data cropping year 1979/80 [Saccharum spp; Brazil]]
_b[INPE-2021-RPE/288]
260 3 _aSao Jose dos Campos, SP (Brasil):
_c1981.
300 _av. 1-2
500 _a8 illus.; Summaries (Eng, Por); 16 Maps (scale 1:250,000)
650 _aProducao vegetal
650 _aCana de acucar
650 _aSensoriamento remoto
650 _aSao Paulo
909 _a202309
_bLucia
_c55
_dLucia Elande
942 _cBK
999 _c31501
_d31501